El renacimiento de la Orinoquía alta de Colombia : (Registro nro. 7049)

Detalles MARC
000 -CABECERA
Campo de control 01300namaa2200265 a 4500
005 - FECHA Y HORA DE LA ULTIMA TRANSACCION
Campo de control 20160218164552.0
008 - ELEMENTOS DE LONGITUD FIJA—INFORMACION GENERAL
Campo de control 981117s2004 ck ab gr 00010 spa d
015 ## - NATIONAL BIBLIOGRAPHY NUMBER
National bibliography number ck-2004-xxxx
040 ## - FUENTE DE CATALOGACIÓN
Agencia catalogadora original CO-BoBLA
Agencia transcriptora CO-BoBLA
041 0# - IDIOMA
Código de idioma para texto/pista de sonido o título separado Español
-- Inglés
043 ## - GEOGRAPHIC AREA CODE
Geographic area code s-ck---
082 04 - NUMERO DE CLASIFICACION DECIMAL DEWEY
Número de clasificación 338.98616
Número del ítem C65r
110 2# - ASIENTO PRINCIPAL--NOMBRE CORPORATIVO
Nombre corporativo o de jurisdicción como elemento de entrada Colombia.
Unidad subordinad Ministerio de Agricultura.
9 (RLIN) 14014
245 13 - MENCION DE TITULO
Título El renacimiento de la Orinoquía alta de Colombia :
Parte restante del título un megaproyecto para el mundo = The renaissance of the Orinoco river savannahs : a Colombian mega project for the world /
Mención de responsabilidad Ministerio de Agricultura y Desarrollo Rural.
246 14 - FORMA VARIANTE DEL TITULO
Título propiamente dicho/forma breve del título The renaissance of the Orinioco river savannahs : a Colombian mega project for the world
260 3# - PUBLICACION, DISTRIBUCION, ETC. (PIE DE IMPRENTA)
Lugar de publicación, distribución, etc. Bogotá :
Nombre del editor, distribuidor, etc. Ministerio de Agricultura y Desarrollo Rural,
Fecha de publicación, distribución, etc. [2004].
300 ## - DESCRIPCION FISICA
Extensión 30 p. :
Otros detalles físicos il., mapas ;
Dimensiones 22 cm.
500 ## - NOTA GENERAL
Nota general Texto bilingue : español-inglés.
650 16 - ASIENTO SECUNDARIO DE MATERIA - TERMINO TEMATICO
Término temático o nombre geográfico como elemento de entrada Planificación regional
Subdivisión geográfica Orinoquía (Región, Colombia)
9 (RLIN) 61091
650 ## - ASIENTO SECUNDARIO DE MATERIA - TERMINO TEMATICO
Término temático o nombre geográfico como elemento de entrada Desarrollo económico
Subdivisión geográfica Orinoquía (Región, Colombia)
9 (RLIN) 61092
650 ## - ASIENTO SECUNDARIO DE MATERIA - TERMINO TEMATICO
Término temático o nombre geográfico como elemento de entrada Agricultura
Subdivisión geográfica Orinoquía (Región, Colombia)
9 (RLIN) 61093
650 16 - ASIENTO SECUNDARIO DE MATERIA - TERMINO TEMATICO
Término temático o nombre geográfico como elemento de entrada Palma africana
Subdivisión general Cultivo
Subdivisión geográfica Orinoquía (Región, Colombia)
Subdivisión de forma Proyectos.
9 (RLIN) 61094
651 #6 - ASIENTO SECUNDARIO DE MATERIA - NOMBRE GEOGRAFICO
Nombre geográfico Orinoquía (Region, Colombia)
Subdivisión general Condiciones ambientales.
9 (RLIN) 61095
942 ## - ELEMENTOS ADICIONALES (KOHA)
Sistema de clasificación Dewey Decimal Classification
Tipo de ítem Libro
Existencias
Withdrawn status Lost status Sistema de Clasificación Damaged status No para préstamo Colección Inventariado Ubicación Permanente Ubicación actual Fecha de adquisición Fuente de Valor Valor Total Checkouts Total Renewals Número topográfico Inventario / Código de Barras Date last seen Date checked out Ejemplar Price effective from Forma de adquisición Tipo de material
    Dewey Decimal Classification     General Inventariado 2017 Bogotá Bogotá 13/08/2009 Instituto 50000.00 2 5 LB-338.98616 C65r 027454 05/02/2016 13/08/2014 Ej.1 04/12/2012   Libro